Inovácie na trhu bankových úverových produktov pre malé a stredné podniky diplomová práca

Guardado en:
Detalles Bibliográficos
Autor principal: Baloghová, Jana
Autor Corporativo: Národohospodárska fakulta EU. Katedra bankovníctva a medzinárodných financií
Otros Autores: Horvátová, Eva, 1958-
Formato: Libro
Lenguaje:eslovaco
Publicado: Bratislava 2009
Etiquetas: Agregar Etiqueta
Sin Etiquetas, Sea el primero en etiquetar este registro!

MARC

LEADER 00000nam$a2200000$$$4500
001 0095316
005 20240319123236.6
041 0 |a slo 
044 |a SK 
245 1 0 |a Inovácie na trhu bankových úverových produktov pre malé a stredné podniky  |b diplomová práca  |c Jana Baloghová ; škol. Eva Horvátová 
264 1 |a Bratislava  |c 2009 
300 |a 57 s. 
100 1 |a Baloghová, Jana 
700 1 |a Horvátová, Eva, 1958- 
710 2 |a Národohospodárska fakulta EU. Katedra bankovníctva a medzinárodných financií